000 00347nam a22001577a 4500
003 MPLRDC
005 20220104124552.0
008 210129b ||||| |||| 00| 0 eng d
082 _a859.6 HZ-4
100 _a何紫著
245 _a海边多快乐
_c
260 _a
_b山边社
_c1981
300 _b
650 _a
942 _cBK
_o859.6 HZ-4
999 _c20381
_d20371